00305 2200133 4500001002100000005001500021035002000036245004500056300000700101260003100108082000800139084001200147990001200159INLIS00000000000240920250528122339 a0010-0525000701 aSurat Untuk Rujmput /cIngrid Widjanarko a98 aJakarta :bGramedia,c2004 a813 a813 SUR a0713426